000
00297nam a2200121Ia 4500
008
191201s2015 xx 000 0 und d
100
_a
MURTY, J.V.S
245
0
_a
Watershed Management
260
_a
N. Delhi
_b
New Age International
_c
2015
300
_a
234
650
_a
B.Tech(CE)
942
_2
ddc
_c
BK
999
_c
6175
_d
6175